Introduction to corrections

محفوظ في:
التفاصيل البيبلوغرافية
المؤلف الرئيسي: Snarr, Richard W
التنسيق: كتاب
منشور في: McGraw-Hill 1996
الوسوم: إضافة وسم
لا توجد وسوم, كن أول من يضع وسما على هذه التسجيلة!
Thư viện lưu trữ: Mạng thư viện Đại học Đà Nẵng
LEADER 00541nam a2200229 a 4500
001 000029806
003 14304
005 20171030145630.0
008 171030s1996
040 |a LTT 
082 0 |a 365.97  |b SN-R 
100 1 |a Snarr, Richard W 
245 0 0 |a Introduction to corrections  |c Richard W. Snarr. 
260 |b McGraw-Hill  |c 1996 
500 |a ASIA 
OWN |a LTT 
999 |a From the UDN01 
TYP |a Monograph 
TYP |a Printed language 
980 |a Mạng thư viện Đại học Đà Nẵng